000 00770cam a22002294a 4500
001 11907151
005 20171214045141.0
008 000209s2000 nyu 001 0 eng
010 _a 00023030
020 _a0312252242
040 _aDLC
_cDLC
_dDLC
041 _aeng
042 _apcc
080 _a641.657 BAR
082 0 0 _a641.657 BAR
100 1 _a10
101 _aMJE
245 1 0 _aMorning glories :
_cSharon Kebschull Barrett.
906 _a7
_bcbc
_corignew
_d1
_eocip
_f20
_gy-gencatlg
942 _2ddc
_cBK
999 _c38924
_d38924